000 00413 a2200145 4500
003 OSt
005 20240208110221.0
008 240208b |||||||| |||| 00| 0 eng d
020 _a9788182529953
040 _coclc
082 _a954.035
_bWIL/S
245 _aStruggle for Indias Freedom /
260 _aMumbai:
_bWilco Publishing House:
942 _2ddc
_cBK
_h954.035
_iWIL/S
_k954.035
_mWIL/S
999 _c44382
_d44382